COVID-19 : reflexión personal sobre la pandemia, en voz baja /

Guardado en:
書目詳細資料
主要作者: Santos Barbero, Florentino (autor)
格式: 圖書
語言:西班牙语
出版: Coppell, EUA : editorial no identificada, 2021
主題:
標簽: 添加標簽
沒有標簽, 成為第一個標記此記錄!

MARC

LEADER 00000nam^a2200000^a^4500
001 000433835
005 20250521000000.0
009 20260526144809.678
022 |a 9798714172540 
037 |a Acervo ITESO - Biblioteca 
041 |a ESP 
082 |a 614. 581  |b SAN 
100 |a Santos Barbero, Florentino  |e (autor) 
245 1 0 |a COVID-19 :  |b reflexión personal sobre la pandemia, en voz baja /  |c F. Santos Barbero. 
246 2 |a Título en la cubierta: COVID-19 : reflexión novelada sobre la pandemia 
264 1 |a Coppell, EUA :  |b editorial no identificada,  |c 2021 
300 |a 197 p. 
336 |a texto  |b txt  |2 rdacontenido 
337 |a sin mediación  |b n  |2 rdamedio 
338 |a volumen  |b nc  |2 rdasoporte 
649 |a XX 
650 |a COVID-19 -  |x Tema Principal 
650 |a Coronavirus (Familia) 
650 |a Virus 
650 |a Peligro de Contagio 
650 |a Enfermedades Virales 
650 |a Enfermedades Infecciosas 
650 |a Crisis Sanitaria -  |z España 
650 |a Vacunas 
650 |a Cuarentena 
650 |a Distanciamiento Social -  |x Tema Principal 
650 |a Pandemias 
650 |a Epidemias 
650 |a Salud Pública -  |z España 
650 |a Narrativa de No Ficción Española 
650 |a Novela Española 
650 |a Literatura Española -  |y Siglo XXI 
910 |a Fondo General 
920 |a Impresos - Libros 
930 |a Colección General 
940 |a Literatura 
905 |a 101 
901 |a 0500351551  |b IT1  |c ACC  |i C175770  |u 20250521 
902 |a https://opac.biblio.iteso.mx/vufind/Record/000433835